| 000 | 00662ata a2200253 4500 | ||
|---|---|---|---|
| 005 | 20260421151134.0 | ||
| 008 | 150526b2000 xxu||||| |||| 00| 0 spa d | ||
| 020 | _a9977661197 | ||
| 041 | _aESP | ||
| 082 | _a370.097.286 B175d | ||
| 100 |
_aBaldares Carazo, Thelma _932716 |
||
| 245 | _aDesafíos de la educación en la globalización | ||
| 260 | _aCosta Rica | ||
| 260 | _bTecnológica | ||
| 260 | _c2000 | ||
| 300 | _a118 páginas | ||
| 490 | _aTemática General | ||
| 650 | _aCOSTA RICA | ||
| 650 | _aEDUCACIÓN | ||
| 650 | _aPOLÍTICAS GUBERNAMENTALES | ||
| 650 | _aGLOBALIZACIÓN | ||
| 650 | _aDESAFÍOS DE LA EDUCACIÓN | ||
| 942 |
_cBK _2ddc |
||
| 999 |
_c5963 _d5963 |
||